000 02001cam a2200433L 4500
001 41217
005 20230411085956.0
008 921006s1992 xxu r i100 0 eng d
035 _a(OCoLC)ocn123422513
040 _aNNUN
_cNYDRD
020 _a9211004934
020 _a9789211004939
035 _a(OCoLC)123422513
037 _a92.I.25
_bUnited Nations Publications, Room DC2-0853, Dept. I004, New York, N.Y. 10017
086 _a[ST/]DPI/1230
_2undoc
049 _aGRAL
245 0 0 _aProspects for peace in the Middle East :
_ban Israeli-Palestinian dialogue : proceedings of the United Nations Department of Public Information's International Encounter for European Journalists on the Question of Palestine, 3-5 June 1992, Helsinki, Finland.
260 _aNew York :
_bUN,
_c1992.
300 _avi, 142 p. :
_bmaps.
500 _aIncludes UN map no. 3067 rev. 1: UN partition plan, 1947 (Apr. 1983); UN map no. 547.1: The armistice lines of 1949 (Oct.1953); UN map no. 3243 rev. 2: Territories occupied by Israel since June 1967 (June 1991).
500 _aUN Job no.: N9292550 E.
500 _aUN sales no.: 92.I.25.
500 _aMaterial type: Sales publications (UN).
500 _aContains: Maps (in UN documents).
500 _aMaterial type: Conferences, etc. (proceedings/final reports).
506 _aDistribution: General.
611 2 7 _aInternational Encounter for European Journalists on the Question of Palestine (1st : 1991 : Helsinki)
_2unbisn
650 0 7 _aPALESTINE QUESTION.
_2unbist
650 0 7 _aPALESTINIANS.
_2unbist
650 0 7 _aTERRITORIES OCCUPIED BY ISRAEL.
_2unbist
650 0 7 _aCONFERENCES.
_2unbist
650 0 7 _aMIDDLE EAST SITUATION.
_2unbist
650 0 7 _aMAPS.
_2unbist
650 0 7 _aRESOLUTIONS AND DECISIONS.
_2unbist
710 2 _aUN. Department of Public Information.
711 2 _aInternational Encounter for European Journalists on the Question of Palestine (1st : 1991 : Helsinki)
942 _2lcc
_cbk
994 _aC0
_bDRFGD
999 _c110314
_d110314